Effectiffs Roumanie Euro 2024 - Statistiques

Statistiques générales
  • Ce quiz a été pris 24 fois
  • Le résultat moyen est 14 sur 26
Statistiques - réponses
Poste Numéro Club Joueur % Correct
Attaquant 19 Trabzonspor Denis Dragus
95%
Défenseur 3 Tottenham Hotspur Radu Dragusin
95%
Attaquant 20 Parma Calcio Dennis Man
86%
Milieu 21 FC Damac Nicolae Stanciu
86%
Défenseur 2 Rayo Vallecano Andrei Ratiu
77%
Milieu 10 Glasgow Rangers Ianis Hagi
77%
Gardien 1 Sans Club Florin Nita
73%
Attaquant 7 Sans Club Denis Alibec
68%
Attaquant 17 Al-Gharafa Florinel Coman
68%
Milieu 18 Cagliari Razvan Marin
68%
Gardien 12 Atletico Madrid Horatiu Moldovan
64%
Milieu 6 Sporting Pise Marius Marin
45%
Défenseur 11 Universitatea Craiova Nicusor Bancu
45%
Gardien 16 FCSB Stefan Tarnovanu
45%
Attaquant 13 Parma Calcio Valentin Mihaila
45%
Défenseur 15 Sans Club Andrei Burca
41%
Milieu 14 FCSB Darius Olaru
41%
Milieu 26 FCSB Adrian Sut
36%
Attaquant 9 CFC Genoa George Puscas
36%
Défenseur 24 Rakow Czestochowa Bogdan Racovitan
32%
Défenseur 5 FC Palerme Ionut Nedelcearu
32%
Défenseur 4 Sporting Pise Adrian Rus
27%
Attaquant 25 CFR Cluj Daniel Birligea
27%
Milieu 23 Rakow Czestochowa Deian Sorescu
27%
Milieu 8 Galatasaray Alexandru Cicaldau
23%
Défenseur 22 CFR Cluj Vasile Mogos
23%
Aucun quiz correspondant
Distribution des résultats
% des personnes avec chaque résultat
Percentile par nombre de réponses
Votre historique - résultats
Vous n’avez pas pris ce quiz